000 00874nam a2200217Ii 4500
003 JO-AjNU
008 230605s9999||||xx |||||||||||||| ||und||
017 _a2011/1/44
020 _a978-9957-09-464-5
040 _aJO-AjNU
_bara
_erda
_cJO-AjNU
041 _aara
050 1 4 _aPJ8062.M838 2011
100 3 _aتحرير ومراجعة عبدالخالق، غسان إسماعيل,
_eauthor
_950044
245 0 0 _aالقصة القصيرة في الوقت الراهن: أعمال مؤتمر جمعية النقاد الأردنيين الخامس 16-18 آب
264 3 1 _aعمان: أزمنة للنشر والتوزيع، 2011
300 _a382ص
336 _atext
_btxt
_2rdacontent
337 _aunmediated
_bn
_2rdamedia
338 _avolume
_bnc
_2rdacarrier
650 4 _aالأدب العربي - القصة القصيرة - مؤتمرات - الأردن
_950045
999 _aA22019
_c25587
_d25587